Statistics for Countries Bordering (Countries Bordering) Switzerland

Click here to take the quiz!

General Stats

  • This quiz has been taken 84 times
  • The average score is 18 of 19

Answer Stats

Countries% Correct
Spain
100%
Austria
99%
Czech Republic
99%
Luxembourg
99%
Poland
99%
Belgium
98%
Germany
98%
Denmark
96%
Netherlands
96%
Slovakia
96%
Vatican City
96%
Andorra
95%
Italy
95%
San Marino
95%
Slovenia
95%
France
94%
Hungary
94%
Liechtenstein
89%
Monaco
88%

Score Distribution

Percentile by Number Answered

Percent of People with Each Score

Your Score History

You have not taken this quiz